00991 a2200241 4500952011500000999001500115020001800130050002000148100002200168245004800190250001200238264005000250300003200300500001900332504004000351650002400391650002700415651001100442856008800453856007600541856010600617942002600723 00104070aMCLbMCLcGENd2021-05-04h023254l0oGN 861 PHI 2005p023254r2021-05-04 00:00:00w2021-05-04yBK c6979d6979 a978052154002500aGN 861 PHI 20051 aPhillipson, D. W.10aAfrican Archaeology /cDavid W. Phillipson. a3rd ed. aCambridge:bCambridge University Press,c2005 axvi, 389 p. :bill., maps ; aincludes index aIncludes bibliographical references 0aPrehistoric peoples 0aAfrica -- Antiquities. 0aAfrica423Publisher descriptionuhttp://www.loc.gov/catdir/description/cam041/2004049657.html413Table of contentsuhttp://www.loc.gov/catdir/toc/cam041/2004049657.html423Contributor biographical informationuhttp://www.loc.gov/catdir/enhancements/fy0732/2004049657-b.html 2lcccBKh861iPHIkGN